000 01098nam a2200289 i 4500
003 DO-SdBNP
005 20250609153534.0
007 ta
008 250609e2021 dr ao||| |||| 00| 0 spa d
040 _aDO-SdBNP
_bspa
_cBNPHU
_erda
082 4 _axxx
_bR426m
_222
110 1 _aRepública Dominicana
_bSecretaría de Estado de la Mujer
_937585
_eautor
245 1 0 _aMedalla al mérito de la mujer dominicana 2021. :
_b36º entrega /
246 1 _aMedalla al mérito de la mujer dominicana 2021 :
_bresumen /
264 1 _aSanto Domingo :
_bMinsiterio de la Mujer,
_c2021.
300 _a48 páginas :
_bilustraciones, fotografías ;
_c21 cm.
336 _atexto
_btxt
_2rdacontent
337 _asin mediación
_bn
_2rdamedia
338 _avolumen
_bnc
_2rdacarrier
590 _aInventariado 2025/ YL
650 4 _aMujeres
_913968
_zRepública Dominicana
650 4 _aMujeres
_92526
_xCondiciones Sociales
_zRepública Dominicana
650 4 _aMujeres en el desarrollo de la comunidad
_92086
710 1 _aRepública Dominicana.
_bMinisterio de la Mujer
_956158
910 _aYLockward
942 _2ddc
_cLF2
999 _c59184
_d59184